Finish the Famous Dr. Seuss Quote Quiz Stats

Quiz Updated Dec 28, 2017

Challenge
Share
Tweet
Score 0/28 Timer 06:00
2 Plays Today
% Correct
done
95%
You
95%
do
95%
gum
94.6%
choose
94.4%
percent
94%
small
93.8%
Pop
93.7%
mine
93.6%
stack
93.2%
up
93.2%
box
93.2%
Sam-I-Am
92.7%
everywhere
92.4%
% Correct
Guards
92%
meet
92%
side
92%
list
91.8%
keen
90.5%
play
90.1%
stop
89.8%
trees
88%
there
87.4%
thars
86.4%
wall
85.8%
today
85.4%
traffic
79.7%
store
77.9%

You're not logged in!

Compare scores with friends on all Sporcle quizzes.
Sign Up with Email
OR
Log In

You Might Also Like...

Show Comments

Extras

Top Quizzes Today


Score Distribution

Your Account Isn't Verified!

In order to create a playlist on Sporcle, you need to verify the email address you used during registration. Go to your Sporcle Settings to finish the process.

Report this User

Report this user for behavior that violates our Community Guidelines.

Details: